| 000 | 01121nam a22002297a 4500 | ||
|---|---|---|---|
| 005 | 20211210152713.0 | ||
| 008 | 211210b ||||| |||| 00| 0 eng d | ||
| 020 | _a8125014772 | ||
| 040 | _cAL | ||
| 041 | _aeng | ||
| 082 |
_223 _a355.01 _bPRAD |
||
| 100 |
_aR D Pradhan _911476 |
||
| 245 | _aDebacle to Revival: Y B Chavan As Defence Minister 1962-1965 | ||
| 260 |
_aNew Dlhi _bOrient Longman _c1999 |
||
| 300 |
_axii,316 p. _bHB _c22x15 cm. |
||
| 365 |
_b350.00 _c₹ _d350.00 |
||
| 520 | _aInterweaving Personal Memories, Chronicling Historical Events, R.D. Pradhan S Book Is An Affectionate And Insightful Recollection Of His Experiences Of Working As Private Secretary To The Defence Minister Y B Chavan From 1962 To 1965. The Events In This Book Happened Over Three Decades Ago. More Than Thirty-Five Years Later, This Book Lifts The Veil On A Critical Period In The Nation S History And Also Sheds Light On The Many Inside Events Which Have Remained Unknown To Date. | ||
| 650 |
_aMilitary Policy _911477 |
||
| 650 |
_aNational Security _911478 |
||
| 650 |
_aMinistry of Defence _911479 |
||
| 942 |
_2ddc _cGF |
||
| 999 |
_c220920 _d220920 |
||